00282nam a2200133Ia 4500003000900000008004100009040001300050040001300063041000800076245003300084260001700117300000800134490000600142IT-RoPAU120407s9999 xx 000 0 und d aIT-RoPAU cIT-RoPAU aita aDomenica, giorno del Signore aUt Unum Sint c cm v1